It looks like you're offline.
Open Library logo
additional options menu

MARC record from Internet Archive

LEADER: 00671cam a2200241 a 4500
001 87168215
003 DLC
005 20100710082732.0
008 870821s1986 enka 001 0 eng
010 $a 87168215
020 $a1850290695 :$c£3.99
040 $aDLC$cDLC$dDLC
050 00 $aTX809.M17$bD438 1986
082 00 $a641.8/22$219
100 1 $aDel Conte, Anna.
245 10 $aPasta perfect /$cAnna Del Conte.
260 $aLondon :$bConran Octopus,$c1986.
300 $a80 p. :$bcol. ill. ;$c22 cm.
490 1 $aThe Conran cookbooks
500 $aIncludes index.
650 0 $aCooking (Pasta)
650 0 $aPasta products.
830 0 $aConran cookbooks (London, England)